| 000 | 00408nam a2200181Ia 4500 | ||
|---|---|---|---|
| 008 | 230524s9999 xx 000 0 und d | ||
| 020 | _a8188781355 | ||
| 082 |
_a530 _bSWA |
||
| 100 | _aB.B.Swain | ||
| 245 | 0 | _aPhysics-II | |
| 250 | _a1ST | ||
| 260 |
_aNEW DELHI _bKitab Mahal _c2004 |
||
| 300 | _aIII;131 | ||
| 500 | _aQuantity Number: 75 | ||
| 650 | _aPhysics | ||
| 700 | _a P.K.Jena | ||
| 942 | _cBK | ||
| 999 |
_c20207 _d20207 |
||